Statystyki dla Największe miasto niebędące stolicą według państw

Kliknij tutaj aby rozwiązać quiz!

Ogólne statystyki

  • Ten quiz został rozwiązany 194 razy
  • Średni wynik to 11 z 36

Statystyki odpowiedzi

PaństwoNajwiększe miasto% Poprawnych
AustraliaSydney
92%
Stany ZjednoczoneNowy Jork | New York
79%
TurcjaStambuł
76%
KanadaToronto
72%
ChinySzanghaj
69%
BrazyliaSão Paulo
67%
SzwajcariaZurych
67%
BelgiaAntwerpia
63%
Zjednoczone Emiraty ArabskieDubaj
59%
IndieMumbaj
48%
Republika Południowej AfrykiJohannesburg
46%
MarokoCasablanca
45%
Nowa ZelandiaAuckland
44%
NigeriaLagos
40%
WietnamSajgon | Ho Chi Minh
32%
KazachstanAłmaty
29%
PakistanKaraczi
27%
Sri LankaKolombo
26%
TanzaniaDar es Salaam
19%
Côte d'IvoireAbidżan
14%
BelizeBelize City
13%
LiechtensteinSchaan
12%
BurundiBużumbura
10%
FilipinyQuezon City
10%
BoliwiaSanta Cruz
10%
San MarinoSerravalle
9%
KamerunDuala
8%
Mjanma/BirmaYangon
7%
BeninCotonou
6%
Gwinea RównikowaBata
5%
PalauKoror
5%
TajwanNowe Tajpej
5%
GambiaSerrekunda
3%
Trynidad i TobagoChaguanas
2%
MaltaSaint Paul’s Bay
2%
MikronezjaWeno
2%

Rozkład punktacji

Percentyl według liczby udzielonych odpowiedzi

Procent ludzi z każdym wynikiem

Twoja historia wyników

Nie rozwiązałeś tego quizu